Loading...
| Other - Geo/CE | 2 | 3 | 0 | 3 | 60 | 43 | 90.20 | 1 | 4 |
| History - World History | 3 | 1 | 0 | 0 | 55 | 34 | 59.00 | 1 | 3 |
| History - Euro History | 1 | 3 | 2 | 0 | 35 | 54 | 76.75 | 3 | 4 |
| History - American History | 2 | 1 | 1 | 0 | 35 | 62 | 70.00 | 1 | 2 |
| History - Other History | 1 | 2 | 1 | 0 | 30 | 67 | 75.33 | 2 | 3 |
| Thought - Social Science | 1 | 0 | 0 | 0 | 15 | 45 | 45.00 | 1 | 1 |
| Arts - Painting | 1 | 0 | 0 | 0 | 15 | 67 | 67.00 | 1 | 1 |
| Beliefs - Religion | 0 | 1 | 0 | 0 | 10 | 73 | 73.00 | 1 | 1 |
| Beliefs - Mythology | 0 | 1 | 0 | 0 | 10 | 104 | 104.00 | 1 | 1 |
| Other - Other Academic | 0 | 1 | 0 | 0 | 10 | 110 | 110.00 | 0 | 1 |
| Arts - Music | 0 | 1 | 0 | 0 | 10 | 81 | 81.00 | 0 | 1 |
| Science - Chemistry | 0 | 0 | 1 | 0 | -5 | 0.00 | 0 | 0 |